[Event "WCO2014"]
[Site "Tromso"]
[Date "2014.08.02"]
[Round "1.21"]
[WhiteID "3503054"]
[White "Vazquez Igarza Renier"]
[BlackID "5702720"]
[Black "Subramaniam Sumant"]
[Result "1-0"]
[LiveChessVersion "1.4.3"]
[BlackElo "2075"]
[WhiteElo "2603"]

1. Nf3 {[%clk 1:30:58]} Nf6 {[%clk 1:30:48]} 2. c4 {[%clk 1:31:21]} g6
{[%clk 1:31:09]} 3. Nc3 {[%clk 1:31:45]} c5 {[%clk 1:31:21]} 4. d4
{[%clk 1:31:07]} cxd4 {[%clk 1:30:48]} 5. Nxd4 {[%clk 1:31:31]} Bg7
{[%clk 1:29:03]} 6. e4 {[%clk 1:31:14]} O-O {[%clk 1:26:08]} 7. Be2
{[%clk 1:31:12]} Nc6 {[%clk 1:25:10]} 8. Nc2 {[%clk 1:31:07]} d6 {[%clk 1:19:07]}
9. O-O {[%clk 1:30:54]} Ne8 {[%clk 1:10:36]} 10. Bd2 {[%clk 1:29:52]} Be6
{[%clk 1:10:18]} 11. Rb1 {[%clk 1:29:28]} Rc8 {[%clk 1:09:36]} 12. Nd5
{[%clk 1:27:34]} h6 {[%clk 0:59:56]} 13. Be3 {[%clk 1:25:42]} b6 {[%clk 0:51:38]}
14. Nf4 {[%clk 1:17:44]} Bd7 {[%clk 0:51:54]} 15. b3 {[%clk 1:16:59]} Nc7
{[%clk 0:44:43]} 16. Qd2 {[%clk 1:09:28]} Kh7 {[%clk 0:42:30]} 17. Rbd1
{[%clk 1:09:25]} Ne5 {[%clk 0:39:19]} 18. Nd5 {[%clk 1:02:23]} Ne8
{[%clk 0:34:10]} 19. Bd4 {[%clk 0:58:14]} e6 {[%clk 0:27:48]} 20. Nc3
{[%clk 0:57:14]} Qh4 {[%clk 0:26:22]} 21. f4 {[%clk 0:56:18]} Ng4
{[%clk 0:25:43]} 22. Bxg4 {[%clk 0:53:42]} Qxg4 {[%clk 0:25:06]} 23. Bxg7
{[%clk 0:53:18]} Kxg7 {[%clk 0:25:11]} 24. f5 {[%clk 0:47:32]} Rc5
{[%clk 0:18:03]} 25. Qd4+ {[%clk 0:35:39]} Re5 {[%clk 0:13:24]} 26. Ne1
{[%clk 0:35:02]} exf5 {[%clk 0:10:54]} 27. h3 {[%clk 0:32:42]} Qh5
{[%clk 0:09:49]} 28. exf5 {[%clk 0:29:31]} f6 {[%clk 0:08:31]} 29. Nf3
{[%clk 0:24:23]} gxf5 {[%clk 0:03:01]} 30. Nxe5 {[%clk 0:24:40]} fxe5
{[%clk 0:03:29]} 31. Qd5 {[%clk 0:24:12]} Qg6 {[%clk 0:03:03]} 32. Kh1
{[%clk 0:22:41]} Rf6 {[%clk 0:02:04]} 33. Rf2 {[%clk 0:15:15]} e4
{[%clk 0:00:55]} 34. Ne2 {[%clk 0:14:14]} Qf7 {[%clk 0:00:48]} 35. Nf4
{[%clk 0:12:09]} Nc7 {[%clk 0:01:16]} 36. Qb7 {[%clk 0:09:41]} Ne6
{[%clk 0:01:25]} 37. Rxd6 {[%clk 0:08:55]} Nc5 {[%clk 0:01:32]} 38. Rxf6
{[%clk 0:08:55]} Nxb7 {[%clk 0:01:23]} 39. Rxf7+ {[%clk 0:09:13]} Kxf7
{[%clk 0:01:49]} 40. Rd2 {[%clk 0:09:22]} Bc6 {[%clk 0:02:13]} 41. Kg1
{[%clk 0:09:30]} Ke7 {[%clk 0:01:16]} 42. Kf2 {[%clk 0:09:24]} Nd6
{[%clk 0:01:33]} 43. Ke3 {[%clk 0:09:36]} b5 {[%clk 0:01:38]} 44. c5
{[%clk 0:09:41]} Nf7 {[%clk 0:01:32]} 45. Nd5+ {[%clk 0:08:23]} Ke6
{[%clk 0:01:50]} 46. Nb4 {[%clk 0:08:33]} Ba8 {[%clk 0:01:24]} 47. Kf4
{[%clk 0:06:49]} Kd5 48. Kxe4+ 1-0

[Event "WCO2014"]
[Site "Tromso"]
[Date "2014.08.02"]
[Round "1.12"]
[WhiteID "5301653"]
[White "Chahrour Ibrahim"]
[BlackID "3804208"]
[Black "Cutipa Elfer"]
[Result "1-0"]
[LiveChessVersion "1.4.3"]
[BlackElo "2117"]
[WhiteElo "2170"]

1. e4 {[%clk 1:30:58]} e5 {[%clk 1:30:53]} 2. Nf3 {[%clk 1:30:46]} d6
{[%clk 1:30:51]} 3. d4 {[%clk 1:30:29]} exd4 {[%clk 1:29:45]} 4. Nxd4
{[%clk 1:30:48]} Nf6 {[%clk 1:30:11]} 5. Nc3 {[%clk 1:30:51]} Be7
{[%clk 1:30:13]} 6. Be2 {[%clk 1:27:14]} O-O {[%clk 1:30:33]} 7. Be3
{[%clk 1:27:17]} Re8 8. Qd2 {[%clk 1:20:16]} Bf8 {[%clk 1:09:34]} 9. Bf3
{[%clk 1:14:29]} Nbd7 {[%clk 1:03:56]} 10. Nde2 {[%clk 0:56:05]} Ne5
{[%clk 0:59:28]} 11. b3 {[%clk 0:53:56]} c6 {[%clk 0:35:29]} 12. O-O-O
{[%clk 0:49:43]} b5 {[%clk 0:21:14]} 13. Ng3 {[%clk 0:46:46]} Be6
{[%clk 0:16:56]} 14. Be2 {[%clk 0:34:59]} Qa5 {[%clk 0:09:47]} 15. Kb1
{[%clk 0:22:09]} b4 {[%clk 0:07:51]} 16. Na4 {[%clk 0:22:37]} d5 {[%clk 0:07:50]}
17. f4 {[%clk 0:20:14]} Nc4 {[%clk 0:05:55]} 18. bxc4 {[%clk 0:13:24]} dxc4
{[%clk 0:06:23]} 19. f5 {[%clk 0:08:14]} c3 20. Qd3 {[%clk 0:08:42]} Bxa2+
{[%clk 0:07:16]} 21. Kxa2 {[%clk 0:08:37]} Qxa4+ {[%clk 0:07:45]} 22. Kb1
{[%clk 0:09:05]} Nd5 {[%clk 0:08:05]} 23. exd5 {[%clk 0:05:46]} Rxe3
{[%clk 0:08:31]} 24. Qa6 {[%clk 0:00:44]} Qa3 {[%clk 0:03:32]} 25. Qxa3
{[%clk 0:01:11]} bxa3 {[%clk 0:03:58]} 26. d6 {[%clk 0:00:45]} Rd8
{[%clk 0:00:37]} 27. d7 {[%clk 0:01:14]} Re7 {[%clk 0:00:34]} 28. Rd3
{[%clk 0:00:42]} Rdxd7 {[%clk 0:00:32]} 29. Rhd1 {[%clk 0:00:47]} Rb7+
{[%clk 0:00:43]} 30. Ka1 {[%clk 0:01:07]} g6 {[%clk 0:00:56]} 31. Rd8
{[%clk 0:00:32]} Kg7 {[%clk 0:00:45]} 32. f6+ {[%clk 0:00:51]} Kxf6
{[%clk 0:00:54]} 33. Rxf8 {[%clk 0:01:18]} Kg7 {[%clk 0:00:51]} 34. Rc8
{[%clk 0:01:01]} f5 {[%clk 0:01:03]} 35. Bd3 {[%clk 0:00:50]} a2 {[%clk 0:00:47]}
36. Rxc6 {[%clk 0:00:48]} Rb2 {[%clk 0:01:14]} 37. Rxc3 {[%clk 0:00:48]} Reb7
{[%clk 0:01:36]} 38. Rb3 {[%clk 0:01:17]} R2xb3 {[%clk 0:01:45]} 39. cxb3
{[%clk 0:01:38]} Rxb3 {[%clk 0:02:14]} 40. Kxa2 {[%clk 0:01:50]} Rb7
{[%clk 0:01:55]} 41. Rb1 {[%clk 0:01:07]} Rd7 {[%clk 0:01:52]} 42. Rb3
{[%clk 0:00:33]} h5 {[%clk 0:02:02]} 43. Kb2 {[%clk 0:28:14]} Kf6
{[%clk 0:32:50]} 44. Kc2 {[%clk 0:28:24]} Rd5 {[%clk 0:28:42]} 45. Rb5
{[%clk 0:28:20]} Rd4 {[%clk 0:28:31]} 46. Nxh5+ {[%clk 0:18:10]} gxh5
{[%clk 0:28:55]} 47. Rxf5+ {[%clk 0:18:34]} Ke6 {[%clk 0:29:06]} 48. Rxh5 Kd5 1-0

[Event "WCO2014"]
[Site "Tromso"]
[Date "2014.08.02"]
[Round "1.38"]
[WhiteID "6100678"]
[White "Ortiz Marcos"]
[BlackID "11600136"]
[Black "Miezis Normunds"]
[Result "0-1"]
[LiveChessVersion "1.4.3"]
[BlackElo "2524"]
[WhiteElo "2214"]

1. e4 {[%clk 1:30:52]} c5 {[%clk 1:30:48]} 2. Nf3 {[%clk 1:30:42]} e6
{[%clk 1:31:04]} 3. d4 {[%clk 1:30:31]} cxd4 {[%clk 1:31:21]} 4. Nxd4
{[%clk 1:30:25]} a6 {[%clk 1:31:37]} 5. Nc3 {[%clk 1:30:35]} Qc7 {[%clk 1:31:09]}
6. Bd3 {[%clk 1:30:34]} Nc6 {[%clk 1:31:05]} 7. Be3 {[%clk 1:30:43]} Nf6
{[%clk 1:30:18]} 8. O-O {[%clk 1:29:13]} Nxd4 {[%clk 1:24:14]} 9. Bxd4
{[%clk 1:29:33]} Bc5 {[%clk 1:24:36]} 10. Bxc5 {[%clk 1:29:58]} Qxc5
{[%clk 1:24:57]} 11. Kh1 {[%clk 1:30:26]} b5 {[%clk 1:23:11]} 12. Qe1
{[%clk 1:29:43]} Bb7 {[%clk 1:17:40]} 13. f3 {[%clk 1:24:08]} d6 {[%clk 1:13:04]}
14. b4 {[%clk 1:15:36]} Qxb4 {[%clk 1:11:17]} 15. Nxb5 {[%clk 1:15:55]} Qxe1
{[%clk 1:03:50]} 16. Nxd6+ {[%clk 1:16:17]} Ke7 {[%clk 1:04:01]} 17. Rfxe1
{[%clk 1:16:30]} Kxd6 {[%clk 1:04:06]} 18. e5+ {[%clk 1:16:55]} Ke7
{[%clk 1:02:05]} 19. Rab1 {[%clk 1:09:59]} Ra7 {[%clk 1:01:01]} 20. exf6+
{[%clk 1:09:54]} Kxf6 {[%clk 1:01:19]} 21. Rb6 {[%clk 1:07:49]} Rd8
{[%clk 0:58:41]} 22. Reb1 {[%clk 1:05:52]} Rd7 {[%clk 0:56:33]} 23. Kg1
{[%clk 1:03:24]} a5 {[%clk 0:54:38]} 24. Bb5 {[%clk 0:51:18]} Rd2
{[%clk 0:46:05]} 25. Rc1 {[%clk 0:49:22]} g5 {[%clk 0:42:51]} 26. h3
{[%clk 0:49:46]} h5 {[%clk 0:42:03]} 27. Kf1 {[%clk 0:47:12]} Bd5
{[%clk 0:38:58]} 28. c4 {[%clk 0:44:48]} Rc7 {[%clk 0:38:19]} 29. c5
{[%clk 0:10:06]} Rxa2 {[%clk 0:33:31]} 30. Be2 {[%clk 0:04:24]} a4
{[%clk 0:30:43]} 31. Kf2 {[%clk 0:03:35]} a3 {[%clk 0:28:40]} 32. Ke3
{[%clk 0:01:34]} h4 {[%clk 0:27:32]} 33. Ra6 {[%clk 0:01:18]} Rb7
{[%clk 0:24:05]} 34. c6 {[%clk 0:01:20]} Rb3+ {[%clk 0:23:26]} 35. Bd3
{[%clk 0:01:41]} Ke5 {[%clk 0:22:53]} 36. Ra8 {[%clk 0:00:34]} f5
{[%clk 0:22:28]} 37. Kd4+ 0-1

[Event "WCO2014"]
[Site "Tromso"]
[Date "2014.08.02"]
[Round "1.4"]
[WhiteID "14800063"]
[White "Abrantes Persson"]
[BlackID "14116731"]
[Black "Ipatov Alexander"]
[Result "0-1"]
[LiveChessVersion "1.4.3"]
[BlackElo "2614"]
[WhiteElo "1986"]

1. e4 {[%clk 1:30:50]} g6 {[%clk 1:29:56]} 2. Nc3 {[%clk 1:31:01]} Bg7
{[%clk 1:27:58]} 3. g3 {[%clk 1:31:20]} d6 {[%clk 1:24:24]} 4. Bg2
{[%clk 1:29:25]} Nc6 {[%clk 1:24:50]} 5. d3 {[%clk 1:29:46]} h5 {[%clk 1:25:13]}
6. h3 {[%clk 1:29:57]} e5 {[%clk 1:24:02]} 7. Be3 {[%clk 1:30:16]} h4
{[%clk 1:23:33]} 8. g4 {[%clk 1:29:59]} Bh6 {[%clk 1:24:01]} 9. Qd2
{[%clk 1:28:24]} Bxe3 {[%clk 1:15:41]} 10. fxe3 {[%clk 1:25:03]} f5
{[%clk 1:16:07]} 11. exf5 {[%clk 1:20:20]} gxf5 {[%clk 1:16:35]} 12. Bxc6+
{[%clk 1:20:21]} bxc6 {[%clk 1:16:59]} 13. Qg2 {[%clk 1:20:13]} fxg4
{[%clk 1:07:05]} 14. Qxc6+ {[%clk 1:09:56]} Bd7 {[%clk 1:07:31]} 15. Qe4
{[%clk 1:10:09]} Ne7 {[%clk 1:01:38]} 16. d4 {[%clk 1:05:59]} g3 {[%clk 1:00:00]}
17. O-O-O {[%clk 1:01:54]} Bc6 {[%clk 0:58:52]} 18. d5 {[%clk 1:01:47]} Bd7
{[%clk 0:59:22]} 19. Rf1 {[%clk 1:01:12]} Qc8 {[%clk 0:52:03]} 20. Rf6
{[%clk 0:55:30]} Bf5 {[%clk 0:51:13]} 21. Qc4 {[%clk 0:50:30]} Ng8
{[%clk 0:46:51]} 22. Re6+ {[%clk 0:38:44]} Bxe6 {[%clk 0:46:33]} 23. dxe6
{[%clk 0:39:12]} Qb7 {[%clk 0:46:26]} 24. Qa4+ {[%clk 0:36:53]} c6
{[%clk 0:43:12]} 25. Nf3 {[%clk 0:35:31]} O-O-O {[%clk 0:40:42]} 26. Nxh4
{[%clk 0:35:26]} Ne7 {[%clk 0:40:41]} 27. Ng2 {[%clk 0:31:24]} d5
{[%clk 0:39:32]} 28. h4 {[%clk 0:29:52]} Rdf8 {[%clk 0:36:56]} 29. Qa3
{[%clk 0:27:41]} Rf2 {[%clk 0:36:20]} 30. Rg1 {[%clk 0:28:00]} Rhf8
{[%clk 0:30:52]} 31. Nd1 {[%clk 0:27:27]} R2f6 {[%clk 0:28:04]} 32. e4
{[%clk 0:25:45]} Rxe6 {[%clk 0:23:17]} 33. Qxg3 {[%clk 0:24:42]} Rg6
{[%clk 0:22:17]} 34. Qxe5 {[%clk 0:15:05]} Qc7 {[%clk 0:20:32]} 35. Qc3
{[%clk 0:13:45]} Qh2 {[%clk 0:20:10]} 36. Qc5 {[%clk 0:12:49]} Rf7
{[%clk 0:17:20]} 37. Qxa7 {[%clk 0:06:07]} Rxg2 {[%clk 0:17:45]} 38. Qa8+
{[%clk 0:05:01]} Kc7 {[%clk 0:14:23]} 39. Qa7+ {[%clk 0:05:24]} Kd8
{[%clk 0:11:50]} 40. Qa5+ {[%clk 0:05:36]} Kd7 {[%clk 0:11:05]} 41. Qa7+
{[%clk 0:06:00]} Ke6 {[%clk 0:10:43]} 42. exd5+ {[%clk 0:03:49]} Nxd5
{[%clk 0:10:27]} 43. Re1+ {[%clk 0:28:46]} Re2 {[%clk 0:40:04]} 44. Qa5
{[%clk 0:23:57]} Rxe1 {[%clk 0:38:15]} 45. Qxe1+ {[%clk 0:24:23]} Qe5
{[%clk 0:38:38]} 46. Qg1 {[%clk 0:22:15]} Rg7 {[%clk 0:35:47]} 47. Qc5
{[%clk 0:22:00]} Qf4+ {[%clk 0:36:11]} 48. Kb1 {[%clk 0:21:58]} Qd2
{[%clk 0:36:39]} 49. Qxc6+ {[%clk 0:21:40]} Ke5 {[%clk 0:37:09]} 50. Qe8+
{[%clk 0:21:09]} Kf6 {[%clk 0:30:28]} 51. Qf8+ {[%clk 0:16:37]} Rf7
{[%clk 0:30:49]} 52. Qd6+ {[%clk 0:14:47]} Kg7 {[%clk 0:31:17]} 53. Qg3+
{[%clk 0:12:32]} Kh7 {[%clk 0:31:29]} 54. Qd3+ {[%clk 0:12:00]} Qxd3
{[%clk 0:30:41]} 55. cxd3 {[%clk 0:12:29]} Rf1 {[%clk 0:31:02]} 56. Kc2
{[%clk 0:12:22]} Nb4+ {[%clk 0:31:31]} 57. Kd2 {[%clk 0:09:51]} Nxa2
{[%clk 0:31:58]} 58. b3 {[%clk 0:09:41]} Rh1 {[%clk 0:32:16]} 59. d4
{[%clk 0:09:33]} Rxh4 {[%clk 0:29:17]} 60. Kd3 {[%clk 0:09:37]} Nc1+
{[%clk 0:29:46]} 61. Kc2 {[%clk 0:08:57]} Ne2 {[%clk 0:29:47]} 62. d5
{[%clk 0:09:01]} Nd4+ {[%clk 0:30:16]} 63. Kc3 {[%clk 0:09:05]} Nb5+
{[%clk 0:30:44]} 64. Kc2 {[%clk 0:08:10]} Kg6 {[%clk 0:31:12]} 65. Ne3
{[%clk 0:08:15]} Kf6 {[%clk 0:31:41]} 66. Nc4 {[%clk 0:08:38]} Rd4
{[%clk 0:32:11]} 67. d6 {[%clk 0:02:50]} Ke5 {[%clk 0:32:25]} 0-1

[Event "WCO2014"]
[Site "Tromso"]
[Date "2014.08.02"]
[Round "1.23"]
[WhiteID "1706446"]
[White "Tikkanen Hans"]
[BlackID "9900993"]
[Black "Alahakoon Isuru"]
[Result "1/2-1/2"]
[LiveChessVersion "1.4.3"]
[BlackElo "2120"]
[WhiteElo "2559"]

1. d4 {[%clk 1:30:56]} f5 {[%clk 1:29:52]} 2. Nc3 {[%clk 1:29:32]} Nf6
{[%clk 1:29:48]} 3. Bf4 {[%clk 1:27:59]} e6 {[%clk 1:28:14]} 4. e3
{[%clk 1:27:40]} Bb4 {[%clk 1:23:15]} 5. Bd3 {[%clk 1:06:51]} O-O
{[%clk 1:17:06]} 6. Nge2 {[%clk 1:06:37]} b6 {[%clk 1:04:39]} 7. a3
{[%clk 0:59:13]} Be7 {[%clk 1:00:57]} 8. f3 {[%clk 0:46:56]} Bb7 {[%clk 0:58:43]}
9. e4 {[%clk 0:37:43]} fxe4 {[%clk 0:53:27]} 10. Nxe4 {[%clk 0:37:54]} c5
{[%clk 0:33:53]} 11. O-O {[%clk 0:30:15]} Nxe4 {[%clk 0:29:19]} 12. fxe4
{[%clk 0:30:02]} cxd4 {[%clk 0:26:42]} 13. b4 {[%clk 0:26:21]} Nc6
{[%clk 0:21:04]} 14. b5 {[%clk 0:25:16]} Na5 {[%clk 0:20:46]} 15. e5
{[%clk 0:23:46]} d6 {[%clk 0:16:59]} 16. Nxd4 {[%clk 0:19:09]} dxe5
{[%clk 0:14:51]} 17. Nxe6 {[%clk 0:19:21]} Bc5+ {[%clk 0:08:45]} 18. Kh1
{[%clk 0:07:28]} Bxg2+ {[%clk 0:07:12]} 19. Kxg2 {[%clk 0:07:54]} Qd5+
{[%clk 0:07:35]} 20. Qf3 {[%clk 0:07:53]} Qxe6 {[%clk 0:07:18]} 21. Qe4
{[%clk 0:07:13]} Qg4+ {[%clk 0:04:47]} 22. Bg3 {[%clk 0:07:32]} Qxe4+
{[%clk 0:03:45]} 23. Bxe4 {[%clk 0:08:01]} Rxf1 {[%clk 0:03:56]} 24. Rxf1
{[%clk 0:07:41]} Rd8 {[%clk 0:03:42]} 25. Bxe5 {[%clk 0:03:20]} Nc4
{[%clk 0:03:07]} 26. Bf4 {[%clk 0:03:47]} Ne3+ {[%clk 0:02:44]} 27. Bxe3
{[%clk 0:04:13]} Bxe3 {[%clk 0:03:08]} 28. Bd3 {[%clk 0:01:56]} Rc8
{[%clk 0:00:37]} 29. a4 {[%clk 0:01:50]} g6 {[%clk 0:00:46]} 30. Rf3
{[%clk 0:01:14]} Bd4 {[%clk 0:00:42]} 31. Rf4 {[%clk 0:01:13]} Bc5
{[%clk 0:00:33]} 32. Bc4+ {[%clk 0:01:01]} Kh8 {[%clk 0:00:35]} 33. Rf7
{[%clk 0:00:41]} Bd6 {[%clk 0:00:40]} 34. Bb3 {[%clk 0:00:36]} Rc7
{[%clk 0:00:53]} 35. Rxc7 {[%clk 0:00:45]} Bxc7 {[%clk 0:01:18]} 36. h3
{[%clk 0:01:11]} Kg7 {[%clk 0:00:46]} 37. Kf3 {[%clk 0:01:40]} Kf6
{[%clk 0:00:57]} 38. Ke4 {[%clk 0:02:09]} Ke7 {[%clk 0:00:36]} 39. Bg8
{[%clk 0:02:38]} h5 {[%clk 0:00:33]} 40. Kd5 {[%clk 0:02:52]} g5 {[%clk 0:00:33]}
41. Kc6 {[%clk 0:03:01]} Be5 {[%clk 0:00:33]} 42. Bd5 {[%clk 0:01:43]} g4
{[%clk 0:00:33]} 43. hxg4 {[%clk 0:00:43]} hxg4 {[%clk 0:00:57]} 44. c4
{[%clk 0:25:21]} Bc3 {[%clk 0:25:42]} 45. Bg2 {[%clk 0:25:45]} Bd2
{[%clk 0:24:55]} 46. Bf1 {[%clk 0:25:27]} g3 {[%clk 0:24:16]} 47. Bg2
{[%clk 0:23:00]} 1/2-1/2

[Event "WCO2014"]
[Site "Tromso"]
[Date "2014.08.02"]
[Round "1.15"]
[WhiteID "5105048"]
[White "Ibarra Chami Luis Fernando"]
[BlackID "19600038"]
[Black "Taleb Mohamed Ahmed"]
[Result "1-0"]
[LiveChessVersion "1.4.3"]
[BlackElo "2024"]
[WhiteElo "2467"]

1. c4 {[%clk 1:30:57]} e5 {[%clk 1:30:47]} 2. Nc3 {[%clk 1:31:16]} f5
{[%clk 1:30:38]} 3. g3 {[%clk 1:31:04]} Nf6 {[%clk 1:30:48]} 4. Bg2
{[%clk 1:31:25]} Bc5 {[%clk 1:28:11]} 5. e3 {[%clk 1:28:11]} O-O {[%clk 1:22:03]}
6. d4 {[%clk 1:26:30]} exd4 {[%clk 1:20:40]} 7. exd4 {[%clk 1:26:52]} Bb4
{[%clk 1:19:06]} 8. Nge2 {[%clk 1:24:01]} c6 {[%clk 1:14:08]} 9. O-O
{[%clk 1:22:50]} Kh8 {[%clk 1:09:47]} 10. Bf4 {[%clk 1:19:17]} d6
{[%clk 1:03:29]} 11. Qa4 {[%clk 1:13:40]} Bxc3 {[%clk 0:58:45]} 12. bxc3
{[%clk 1:11:31]} Nh5 {[%clk 0:57:48]} 13. c5 {[%clk 0:51:39]} Nxf4
{[%clk 0:57:24]} 14. Nxf4 {[%clk 0:52:05]} dxc5 {[%clk 0:57:12]} 15. dxc5
{[%clk 0:51:24]} Qf6 {[%clk 0:54:27]} 16. Rfe1 {[%clk 0:46:29]} Qxc3
{[%clk 0:50:44]} 17. Bf1 {[%clk 0:45:50]} Qf6 {[%clk 0:49:33]} 18. Rad1
{[%clk 0:45:50]} Qh6 {[%clk 0:30:37]} 19. Rd6 {[%clk 0:42:48]} g6
{[%clk 0:10:44]} 20. Re7 {[%clk 0:42:52]} b5 {[%clk 0:08:42]} 21. cxb6
{[%clk 0:42:13]} c5 {[%clk 0:07:03]} 22. b7 {[%clk 0:42:21]} Bxb7
{[%clk 0:04:58]} 23. Rxb7 {[%clk 0:42:45]} a5 {[%clk 0:01:00]} 24. Qc2
{[%clk 0:43:00]} Nc6 {[%clk 0:00:31]} 25. Rxc6 {[%clk 0:43:09]} 1-0

[Event "WCO2014"]
[Site "Tromso"]
[Date "2014.08.02"]
[Round "1.12"]
[WhiteID "20500220"]
[White "Gerrard Mphungt"]
[BlackID "3701107"]
[Black "Latorre Matias"]
[Result "0-1"]
[LiveChessVersion "1.4.3"]
[BlackElo "2277"]
[WhiteElo "1930"]

1. d4 {[%clk 1:29:21]} Nf6 {[%clk 1:28:51]} 2. c4 {[%clk 1:29:19]} e6
{[%clk 1:25:42]} 3. Nc3 {[%clk 1:26:56]} Bb4 {[%clk 1:26:07]} 4. Qc2
{[%clk 1:25:13]} O-O {[%clk 1:26:22]} 5. a3 {[%clk 1:25:39]} Bxc3+
{[%clk 1:26:45]} 6. Qxc3 {[%clk 1:26:05]} d6 {[%clk 1:25:21]} 7. Bg5
{[%clk 1:25:50]} Nbd7 {[%clk 1:24:57]} 8. Nf3 {[%clk 1:26:10]} h6
{[%clk 1:22:57]} 9. Bh4 {[%clk 1:26:04]} b6 {[%clk 1:20:32]} 10. e3
{[%clk 1:25:17]} Bb7 {[%clk 1:20:00]} 11. Be2 {[%clk 1:20:41]} Qe8
{[%clk 1:07:44]} 12. O-O {[%clk 1:16:25]} Ne4 {[%clk 1:01:06]} 13. Qc2
{[%clk 1:13:54]} f5 {[%clk 1:01:24]} 14. Nd2 {[%clk 1:07:36]} g5 {[%clk 0:27:48]}
15. Bg3 {[%clk 1:07:41]} e5 {[%clk 0:28:01]} 16. Bf3 {[%clk 0:56:25]} Nxd2
{[%clk 0:23:54]} 17. Bxb7 {[%clk 0:56:04]} Nxf1 {[%clk 0:21:38]} 18. Bxa8
{[%clk 0:54:10]} Nxe3 {[%clk 0:21:41]} 19. fxe3 {[%clk 0:53:47]} Qxa8
{[%clk 0:22:04]} 20. Rf1 {[%clk 0:53:42]} Qe4 {[%clk 0:15:25]} 21. Qxe4
{[%clk 0:51:46]} fxe4 {[%clk 0:15:51]} 22. dxe5 {[%clk 0:51:38]} Rxf1+
{[%clk 0:16:05]} 23. Kxf1 {[%clk 0:51:59]} dxe5 {[%clk 0:16:31]} 24. Ke2
{[%clk 0:52:01]} Kf7 {[%clk 0:16:57]} 25. Kd2 {[%clk 0:51:58]} Ke6
{[%clk 0:17:05]} 26. b4 {[%clk 0:52:12]} c6 {[%clk 0:17:15]} 27. Kc2
{[%clk 0:50:56]} b5 {[%clk 0:15:44]} 28. c5 {[%clk 0:50:13]} Kd5 {[%clk 0:14:50]}
29. Kc3 {[%clk 0:50:14]} Nf6 {[%clk 0:13:42]} 30. Bf2 {[%clk 0:39:28]} Ne8
{[%clk 0:13:47]} 31. Kb3 {[%clk 0:39:09]} Ng7 {[%clk 0:14:00]} 32. Kc3
{[%clk 0:39:02]} Ne6 {[%clk 0:14:24]} 33. Bg3 {[%clk 0:35:26]} Nd8
{[%clk 0:14:48]} 34. Kb3 {[%clk 0:35:36]} Nb7 {[%clk 0:15:13]} 35. Kc3
{[%clk 0:35:57]} a5 {[%clk 0:15:39]} 36. Kb3 {[%clk 0:35:25]} axb4
{[%clk 0:16:05]} 37. axb4 {[%clk 0:35:42]} Nd8 {[%clk 0:16:26]} 38. Kc3
{[%clk 0:35:05]} Ne6 {[%clk 0:16:51]} 39. Bf2 {[%clk 0:35:25]} Nc7
{[%clk 0:17:16]} 40. Kb3 {[%clk 0:35:49]} Ke6 {[%clk 0:17:42]} 41. h3
{[%clk 0:36:09]} Nd5 {[%clk 0:17:34]} 42. g3 {[%clk 0:33:14]} Kf5
{[%clk 0:07:28]} 43. Bg1 {[%clk 0:30:18]} Nf6 {[%clk 0:00:49]} 44. Kc2
{[%clk 0:30:07]} h5 {[%clk 0:00:41]} 45. Bf2 {[%clk 0:30:21]} h4 {[%clk 0:29:06]}
46. gxh4 {[%clk 0:51:19]} g4 {[%clk 0:29:30]} 47. hxg4+ {[%clk 0:51:20]} Nxg4
{[%clk 0:28:04]} 48. Bg1 {[%clk 0:51:13]} Kg6 {[%clk 0:28:02]} 49. Kd1
{[%clk 0:40:25]} Kh5 {[%clk 0:28:27]} 50. Ke2 {[%clk 0:40:30]} Kxh4
{[%clk 0:28:52]} 51. Bf2+ {[%clk 0:40:52]} Nxf2 {[%clk 0:29:05]} 52. Kxf2
{[%clk 0:41:12]} Kh3 {[%clk 0:29:31]} 53. Kf1 {[%clk 0:41:19]} Kg3
{[%clk 0:29:55]} 54. Ke2 {[%clk 0:41:42]} Kg2 {[%clk 0:30:22]} 0-1

[Event "WCO2014"]
[Site "Tromso"]
[Date "2014.08.02"]
[Round "1.8"]
[WhiteID "6800173"]
[White "Mongiello Anthony"]
[BlackID "3208923"]
[Black "Smirnov Anton"]
[Result "0-1"]
[LiveChessVersion "1.4.3"]
[BlackElo "2334"]
[WhiteElo "1580"]

1. d4 {[%clk 1:30:53]} d5 {[%clk 1:30:20]} 2. Nf3 {[%clk 1:30:51]} Nf6
{[%clk 1:27:21]} 3. Bf4 {[%clk 1:30:11]} c5 {[%clk 1:26:23]} 4. e3
{[%clk 1:29:46]} Nc6 {[%clk 1:19:49]} 5. c3 {[%clk 1:28:40]} Qb6 {[%clk 1:13:05]}
6. Qb3 {[%clk 1:19:07]} c4 {[%clk 1:07:55]} 7. Qxb6 {[%clk 1:19:18]} axb6
{[%clk 1:08:11]} 8. Nbd2 {[%clk 1:19:21]} b5 {[%clk 1:06:08]} 9. Be2
{[%clk 1:14:06]} b4 {[%clk 0:58:20]} 10. O-O {[%clk 1:09:09]} e6 {[%clk 0:48:56]}
11. Ne5 {[%clk 1:03:54]} Nxe5 {[%clk 0:45:19]} 12. Bxe5 {[%clk 1:04:12]} Nd7
{[%clk 0:44:21]} 13. Nf3 {[%clk 1:02:51]} Nxe5 {[%clk 0:42:40]} 14. Nxe5
{[%clk 1:01:34]} f6 {[%clk 0:41:58]} 15. Nf3 {[%clk 1:01:10]} b5 {[%clk 0:39:48]}
16. Nd2 {[%clk 0:56:39]} f5 {[%clk 0:38:55]} 17. f4 {[%clk 0:53:05]} bxc3
{[%clk 0:37:38]} 18. bxc3 {[%clk 0:52:21]} b4 {[%clk 0:37:52]} 19. Rfc1
{[%clk 0:45:16]} Bd7 {[%clk 0:37:03]} 20. cxb4 {[%clk 0:42:46]} Bxb4
{[%clk 0:37:27]} 21. Nb1 {[%clk 0:36:00]} Ke7 {[%clk 0:37:15]} 22. Nc3
{[%clk 0:33:27]} Ra3 {[%clk 0:36:08]} 23. Nd1 {[%clk 0:30:55]} Bd2
{[%clk 0:36:16]} 24. Rc2 {[%clk 0:29:53]} Bxe3+ {[%clk 0:36:10]} 25. Nxe3
{[%clk 0:30:03]} Rxe3 {[%clk 0:36:37]} 26. Bf3 {[%clk 0:26:27]} Rb8
{[%clk 0:35:55]} 27. Kf2 {[%clk 0:23:42]} Ra3 {[%clk 0:36:15]} 28. Re1
{[%clk 0:21:16]} Kd6 {[%clk 0:36:36]} 29. Re3 {[%clk 0:18:54]} Rba8
{[%clk 0:35:30]} 30. Rxa3 {[%clk 0:16:35]} Rxa3 {[%clk 0:35:53]} 31. g4
{[%clk 0:14:52]} Ba4 {[%clk 0:35:32]} 32. Rb2 {[%clk 0:10:50]} c3
{[%clk 0:35:47]} 33. Rb1 {[%clk 0:04:30]} Rxa2+ {[%clk 0:35:38]} 34. Ke3
{[%clk 0:00:48]} Rxh2 {[%clk 0:35:47]} 35. Rc1 {[%clk 0:01:06]} c2
{[%clk 0:35:51]} 36. Be2 {[%clk 0:01:17]} fxg4 {[%clk 0:36:09]} 37. Bxg4
{[%clk 0:01:27]} h5 {[%clk 0:36:24]} 38. Be2 {[%clk 0:01:40]} h4 {[%clk 0:36:46]}
39. Kd2 {[%clk 0:00:37]} Bb5 {[%clk 0:37:08]} 40. Re1 Ke5 0-1